000 00515cam a22002171 4500
001 sa 68007470
003 DLC
005 20260227112522.0
008 890227s1967 xx 000 0 ben
010 _asa 68007470
035 _a(OCoLC)23566012
040 _aDLC
_cMiU
_dDLC
042 _apremarc
050 0 0 _aPK1718.B39
_bP28
100 1 _aBasu, Samareśa,
_d1924-1988.
245 1 0 _aPāpa, puṇya.
260 _c[1967]
300 _a121 p.
_c23 cm.
500 _aIn Bengali.
500 _aShort stories.
999 _c81827
_d81827